000 01272nam a22002057a 4500
008 120709t xxu||||| |||| 00| 0 eng d
020 _a101418859374
050 _aQA76.76.H94
100 _aShelly Gary B.
245 _aHTM: comprehensive concepts and techniques. /
_cGary B. Shelly
250 _a4th ed.
260 _aAustralia:
_bThomson,
_c2007.
300 _axv, 608 p.:
_bill.;
_c24cm.
500 _aIncludes index.
505 _aContents: Introduction to HTML -- Creating and editing a web page -- Creating web pages with links, images, and formatted text -- Creating tables in web site -- Creating an image map -- Using frames in a web site -- Creating a form on a web page -- Creating style sheets -- Integrated javascript and HTML -- Creating pop-up windows, adding scrolling messages, and validating forms -- Using DHTML to enhance web pages -- Creating and using XML documents -- Appendix A: HTML quick reference -- Appendix B: Browse-safe color palette -- Appendix C: Accessibility standards and the web -- Appendix D: Style sheet browser compatibility tables -- Appendix E: Javascript quick reference -- Appendix F: XML quick reference.
700 _aCashman, Thomas J.
700 _aWoods, Denise M.
700 _aDorin, William J.
942 _2lcc
_cBK
999 _c1669
_d9169